Changes in social accounting matrix with additional assumptions - from open economy to simple

Enregistré dans:
Détails bibliographiques
Auteur principal: Macák, Michal
Format: Chapitre de livre
Langue:anglais
Sujets:
Tags: Ajouter un tag
Pas de tags, Soyez le premier à ajouter un tag!

MARC

LEADER 00000naa$a2200000$$$4500
001 0050988
005 20240711093021.6
041 0 |a eng 
044 |a SK 
245 1 0 |a Changes in social accounting matrix with additional assumptions - from open economy to simple 
610 2 0 |a hospodárstvo otvorené 
610 2 0 |a účtovníctvo 
610 2 0 |a Slovensko 
610 2 0 |a matice 
610 2 0 |a reformy sociálne 
610 2 0 |a reformy štruktúrne 
100 1 |a Macák, Michal